| Tag |
First Indicator |
Second Indicator |
Subfields |
| LEADER |
00000cam a2200000 i 4500 |
| 001 |
in00003430213 |
| 006 |
m o d |
| 007 |
cr cn||||||||| |
| 008 |
130702s2013 cau ob 001 0 eng d |
| 005 |
20250816212512.7 |
| 020 |
|
|
|a 9780804787307 (e-book)
|
| 020 |
|
|
|z 9780804785105
|
| 035 |
|
|
|a (CaPaEBR)ebr10796968
|
| 040 |
|
|
|a CaPaEBR
|b eng
|e rda
|e pn
|c CaPaEBR
|d UtOrBLW
|
| 043 |
|
|
|a e-uk-en
|a e-uk---
|
| 050 |
1 |
4 |
|a PR448.P6
|b B84 2013eb
|
| 082 |
0 |
4 |
|a 820.9/35841073
|2 23
|
| 100 |
1 |
|
|a Bugg, John W.,
|d 1972-
|
| 245 |
1 |
0 |
|a Five long winters :
|b the trials of British Romanticism /
|c John Bugg.
|
| 264 |
|
1 |
|a Stanford, California :
|b Stanford University Press,
|c 2013.
|
| 300 |
|
|
|a 1 online resource (261 pages)
|
| 336 |
|
|
|a text
|b txt
|2 rdacontent
|
| 337 |
|
|
|a computer
|b c
|2 rdamedia
|
| 338 |
|
|
|a online resource
|b cr
|2 rdacarrier
|
| 504 |
|
|
|a Includes bibliographical references and index.
|
| 588 |
|
|
|a Description based on online resource; title from PDF title page (ebrary, viewed December 6, 2013).
|
| 500 |
|
|
|a Electronic resource.
|
| 650 |
|
0 |
|a Authors, English
|y 18th century
|x Political and social views.
|
| 650 |
|
0 |
|a English literature
|y 18th century
|x History and criticism.
|
| 650 |
|
0 |
|a Politics and literature
|z England
|x History
|y 18th century.
|
| 650 |
|
0 |
|a Romanticism
|z England.
|
| 651 |
|
0 |
|a Great Britain
|x Politics and government
|y 1789-1820.
|
| 655 |
|
7 |
|a Electronic books.
|2 local
|
| 655 |
|
0 |
|a Electronic books.
|
| 710 |
2 |
|
|a ebrary, Inc.
|
| 856 |
4 |
1 |
|u https://ebookcentral.proquest.com/lib/tamucs/detail.action?docID=1543729
|y Connect to the full text of this electronic book
|t 0
|
| 999 |
f |
f |
|s 0beb2a39-ffe2-3b67-a513-165778bfbc25
|i ce252e4c-bd90-37a7-b09a-d11e2f1610c6
|t 0
|
| 999 |
|
|
|a MARS
|
| 952 |
f |
f |
|a Texas A&M University
|b College Station
|c Electronic Resources
|d Available Online
|t 0
|e PR448.P6 B84 2013eb
|h Library of Congress classification
|
| 998 |
f |
f |
|a PR448.P6 B84 2013eb
|t 0
|l Available Online
|